|
|
|
|
| LEADER |
00000nab a2200000 a 4500 |
| 001 |
vtls000766600 |
| 003 |
SK-MaSNL |
| 005 |
20260304204554.0 |
| 008 |
171108c2001 xo 0 slo |
| 015 |
|
|
|a SNBRB2001/09-24995
|
| 035 |
|
|
|a CLN000118387
|
| 040 |
|
|
|a SNKBUCL
|b slo
|c SNKBUCL
|e AACR2
|
| 041 |
0 |
|
|a slo
|
| 044 |
|
|
|a xo
|c SK
|
| 080 |
|
|
|a 943.76-051"18/19"
|2 1997
|
| 080 |
|
|
|a 943.76(=924)"1939/1945"
|2 1997
|
| 080 |
|
|
|a 2-051(437.6)
|2 1997
|
| 080 |
|
|
|a 943.76"1939/1945"
|2 1997
|
| 080 |
|
|
|a 929 Mnoheľ, Štefan
|2 1997
|
| 100 |
1 |
|
|a Strážay, Patrik
|4 aut
|9 992573
|
| 245 |
1 |
0 |
|a Táto ulica nie je moja
|n (1)
|c Paťo Strážay
|
| 300 |
|
|
|b Fotogr.
|
| 500 |
|
|
|a Pokračovanie v nasledujúcom čísle
|
| 600 |
1 |
7 |
|a Mnoheľ, Štefan,
|d 1876-1944
|2 snkbucl
|9 257296
|
| 648 |
|
7 |
|a 1939-1944
|2 snkbucl
|9 286947
|
| 650 |
0 |
7 |
|a Židia
|2 snkbucl
|9 3760
|
| 650 |
0 |
7 |
|a deportácie Židov
|2 snkbucl
|9 4182
|
| 651 |
|
7 |
|a Poprad (Slovensko)
|2 snkbucl
|9 20155
|
| 655 |
|
7 |
|a články z novín a časopisov
|2 snkbucl
|9 267496
|
| 773 |
0 |
|
|t Bojovník
|g Roč. 46, č. 16 (2001), s. 8
|x 0323-2018
|
| 850 |
|
|
|a Slovenská národná knižnica v Martine
|
| 852 |
|
|
|a SNK
|b KIS3GCP
|
| 958 |
|
|
|a SK
|
| 992 |
|
|
|a RBX
|
| 999 |
|
|
|c 3116871
|d 3118801
|